A high-current impulse implanter; Instruments and Experimental Techniques; Vol. 58, iss. 5/1

Dettagli Bibliografici
Parent link:Instruments and Experimental Techniques.— , 1956-
Vol. 58, iss. 5/1.— 2015.— [P. 708-710]
Autore principale: Stepanov A. V. Andrey Vladimirovich
Ente Autore: Национальный исследовательский Томский политехнический университет (ТПУ) Институт физики высоких технологий (ИФВТ) Лаборатория № 1
Altri autori: Shamanin V. I., Remnev G. E. Gennady Efimovich
Riassunto:Title screen
A high-current impulse implanter on the basis of a high-current ion diode with a radial magnetic field and preliminary plasma production is described. Plasma is formed at the diode anode using a negative voltage pulse that precedes an accelerating-voltage pulse. The pause between pulses is 500 ± 50 ns. Graphite is used as the emission coating on the anode. An ion beam with a current density in the diode focal plane of up to 80 A/cm2 was obtained. Analysis of the elemental composition of the ion beam using the time-of-flight technique showed that the ion beam consists mainly of С+and С+2 carbon ions and Н+ protons.
Режим доступа: по договору с организацией-держателем ресурса
Lingua:inglese
Pubblicazione: 2015
Soggetti:
Accesso online:http://dx.doi.org/10.1134/S0020441215040247
Natura: MixedMaterials Elettronico Capitolo di libro
KOHA link:https://koha.lib.tpu.ru/cgi-bin/koha/opac-detail.pl?biblionumber=645173

MARC

LEADER 00000nla0a2200000 4500
001 645173
005 20250320141403.0
035 |a (RuTPU)RU\TPU\network\10257 
035 |a RU\TPU\network\6938 
090 |a 645173 
100 |a 20151211d2015 k||y0rusy50 ba 
101 0 |a eng 
102 |a US 
135 |a drcn ---uucaa 
181 0 |a i  
182 0 |a b 
200 1 |a A high-current impulse implanter  |f A. V. Stepanov, V. I. Shamanin , G. E. Remnev 
203 |a Text  |c electronic 
300 |a Title screen 
320 |a [References: 9 tit.] 
330 |a A high-current impulse implanter on the basis of a high-current ion diode with a radial magnetic field and preliminary plasma production is described. Plasma is formed at the diode anode using a negative voltage pulse that precedes an accelerating-voltage pulse. The pause between pulses is 500 ± 50 ns. Graphite is used as the emission coating on the anode. An ion beam with a current density in the diode focal plane of up to 80 A/cm2 was obtained. Analysis of the elemental composition of the ion beam using the time-of-flight technique showed that the ion beam consists mainly of С+and С+2 carbon ions and Н+ protons. 
333 |a Режим доступа: по договору с организацией-держателем ресурса 
461 |t Instruments and Experimental Techniques  |d 1956- 
463 |t Vol. 58, iss. 5/1  |v [P. 708-710]  |d 2015 
610 1 |a электронный ресурс 
610 1 |a труды учёных ТПУ 
700 1 |a Stepanov  |b A. V.  |c physicist  |c Researcher of Tomsk Polytechnic University  |f 1981-  |g Andrey Vladimirovich  |3 (RuTPU)RU\TPU\pers\32029  |9 16076 
701 1 |a Shamanin  |b V. I. 
701 1 |a Remnev  |b G. E.  |c physicist  |c Professor of Tomsk Polytechnic University, Doctor of technical sciences  |f 1948-  |g Gennady Efimovich  |3 (RuTPU)RU\TPU\pers\31500 
712 0 2 |a Национальный исследовательский Томский политехнический университет (ТПУ)  |b Институт физики высоких технологий (ИФВТ)  |b Лаборатория № 1  |3 (RuTPU)RU\TPU\col\19035 
801 2 |a RU  |b 63413507  |c 20180306  |g RCR 
856 4 |u http://dx.doi.org/10.1134/S0020441215040247 
942 |c CF